000 01130nam a2200265Ia 4500
008
020 _a9781901502091 (hbk.)
049 _aMAIN
090 _aGB651
_bQUA
245 0 0 _aQuantification and reduction of predictive uncertainty for sustainable water resources management :
_bproceedings of an international symposium [held] during IUGG2007, the XXIV General Assembly of the International Union of Geodesy and Geophysics at Perugia, Italy, July 2007 /
_cedited by Eva Boegh... [et al.]
260 _aWallingford :
_bInternational Association of Hydrological Sciences,
_cc2007.
300 _axiii, 507 p. :
_bill., maps ;
_c24 cm.
440 _aIAHS publication,
_x0144-7815 ;
_v313.
504 _aIncludes bibliographical references.
500 _aIncludes index.
650 0 _aWater-supply
_vCongresses.
650 0 _aGroundwater
_vCongresses.
700 1 _aBoegh, Eva.
710 2 _aInternational Association of Hydrological Sciences.
907 _a.b10277079
_b18-06-10
_c17-05-10
003
005 20230123125022.0
040 _cNUST
942 _cBOOKS
_kGB651
_mQUA
999 _c134274
_d134274